书目信息 |
| 题名: |
单片机技术及应用(基于Proteus的汇编和C语言版)
|
|
| 作者: | 黄锡泉 , 何用辉 主编 | |
| 分册: | ||
| 出版信息: | 北京 机械工业出版社 2017.2 |
|
| 页数: | 349页 | |
| 开本: | 26cm | |
| 丛书名: | ||
| 单 册: | ||
| 中图分类: | TP368.1 , TP373 , TP312C | |
| 科图分类: | ||
| 主题词: | 单片微型计算机--系统仿真--应用软件--高等职业教育--教材 , 汇编语言--程序设计--高等职业教育--教材 , C语言--程序设计--高等职业教育--教材 | |
| 电子资源: | ||
| ISBN: | 978-7-111-44676-7 | |
| 000 | 01598nam0 2200313 450 | |
| 001 | 0400001757 | |
| 005 | 20171019153635.0 | |
| 010 | @a978-7-111-44676-7@dCNY52.00 | |
| 100 | @a20140327d2017 em y0chiy50 ea | |
| 101 | 0 | @achi |
| 102 | @aCN@b110000 | |
| 105 | @aa z 000yy | |
| 106 | @ar | |
| 200 | 1 | @a单片机技术及应用(基于Proteus的汇编和C语言版)@9dan pian ji ji shu ji ying yong ( ji yu proteus de hui bian he c yu yan ban )@f黄锡泉,何用辉主编 |
| 210 | @a北京@c机械工业出版社@d2017.2 | |
| 215 | @a349页@c图@d26cm@e1光盘 | |
| 300 | @a全国高等职业教育规划教材 | |
| 307 | @a附光盘:ISBN 978-7-89405-172-1 | |
| 330 | @a本书按照项目导向、任务驱动的编写模式,将进行单片机应用设计与开发所必需的理论知识与实践技能分解到不同的项目和任务中由浅入深、循序渐进地讲述。本书具有3大特色:C语言与汇编语言并存,汇编语言注重硬件资源讲解,C语言注重程序开发,两者之间既可相互独立又可进行分析比较;软硬件结合、虚拟仿真,书中所有项目均以硬件实物装置展开讲解,再基于Proteus进行虚拟仿真学习训练;淡化原理、注重实用,以具体应用项目任务实现为主导,突出单片机实用技术的学习与训练。本书结构紧凑、图文并茂,配备教学课件、视频教程、仿真源码等完善的立体化课程资源光盘,具有较强的可读性、实用性和先进性。 | |
| 606 | 0 | @a单片微型计算机@x系统仿真@x应用软件@x高等职业教育@j教材 |
| 606 | 0 | @a汇编语言@x程序设计@x高等职业教育@j教材 |
| 606 | 0 | @aC语言@x程序设计@x高等职业教育@j教材 |
| 690 | @aTP368.1@v5 | |
| 690 | @aTP373@v5 | |
| 690 | @aTP312C@v5 | |
| 701 | 0 | @a黄锡泉@9huang xi quan@4主编 |
| 701 | 0 | @a何用辉@9he yong hui@4主编 |
| 801 | 0 | @aCN@b91MARC@c20171019 |
| 905 | @b1030516-20@dTP368.1@f5@e517 | |
| 单片机技术及应用(基于Proteus的汇编和C语言版)/黄锡泉,何用辉主编.-北京:机械工业出版社,2017.2 |
| 349页:图;26cm+1光盘 |
| 全国高等职业教育规划教材 |
| ISBN 978-7-111-44676-7:CNY52.00 |
| 本书按照项目导向、任务驱动的编写模式,将进行单片机应用设计与开发所必需的理论知识与实践技能分解到不同的项目和任务中由浅入深、循序渐进地讲述。本书具有3大特色:C语言与汇编语言并存,汇编语言注重硬件资源讲解,C语言注重程序开发,两者之间既可相互独立又可进行分析比较;软硬件结合、虚拟仿真,书中所有项目均以硬件实物装置展开讲解,再基于Proteus进行虚拟仿真学习训练;淡化原理、注重实用,以具体应用项目任务实现为主导,突出单片机实用技术的学习与训练。本书结构紧凑、图文并茂,配备教学课件、视频教程、仿真源码等完善的立体化课程资源光盘,具有较强的可读性、实用性和先进性。 |
| ● |
| 相关链接 |
|
|
|
|
正题名:单片机技术及应用(基于Proteus的汇编和C语言版)
索取号:TP368.1/517
 
预约/预借
| 序号 | 登录号 | 条形码 | 馆藏地/架位号 | 状态 | 备注 |
| 1 | 1030516 | 210305169 | 第二样本阅览室/ [索取号:TP368.1/517] | 在馆 | |
| 2 | 1030517 | 210305178 | 密集书库—计算机科学学院/ [索取号:TP368.1/517] | 在馆 | |
| 3 | 1030518 | 210305187 | 第三借阅区/ [索取号:TP368.1/517] | 在馆 | |
| 4 | 1030519 | 210305196 | 第三借阅区/ [索取号:TP368.1/517] | 在馆 | |
| 5 | 1030520 | 210305203 | 第三借阅区/ [索取号:TP368.1/517] | 在馆 |